• 首页
  • 本馆介绍
  • 公告通知
  • 最新文献
  • 馆藏检索
  • 电子资源
  • 读者导购
  • 参考咨询
  • 我的图书馆
  • 登录
  • 详细信息显示
  • 放入我的书架
  • 预约/预借图书
  • 作者相关作品
  • 分类相关作品
  • 丛书相关作品
  • 出版社相关作品

书目信息

  • 表格格式
  • 工作单格式
  • 卡片格式
题名:
先秦诸子美学思想述评
    
 
作者: 施昌东 著
分册:  
出版信息: 北京   中华书局  1979
页数: 151页
开本: 20cm
丛书名:
单 册:
中图分类: B83-092 , B83
科图分类:
主题词: 美学思想--研究--中国--先秦时代
电子资源:
ISBN:
000 00606nam0 2200229 45
001 1256799109
005 20120927155011.79
010    @dCNY0.52
100    @a19950914d1979 em y0chiy0121 ea
101 0  @achi
102    @aCN@b110000
105    @ay z 000yy
200 10 @a先秦诸子美学思想述评@Axian qin zhu zi mei xue si xiang shu ping@f施昌东著
210    @a北京@c中华书局@d1979
215    @a151页@d20cm
606 0  @a美学思想@x研究@y中国@z先秦时代
610 0  @a诸子
690    @aB83-092@v3
690    @aB83@v4
701  0 @a施昌东@Ashi chang dong@4著
801  0 @aCN@bTSSF
905    @a10447@dB83@eJY4
    
    先秦诸子美学思想述评/施昌东著.-北京:中华书局,1979
    151页;20cm
    
    
    ISBN :CNY0.52
    
●
相关链接 在E读中查询图书 在五车中查询图书 在当当中查询图书 在豆瓣中查询图书


正题名:先秦诸子美学思想述评     索取号:B83/JY4         预约/预借

序号 登录号 条形码 馆藏地/架位号 状态 备注
1 7829962   278299627   学院路分馆/ [索取号:B83/JY4] 在馆    
2 7829963   278299636   学院路分馆/ [索取号:B83/JY4] 在馆    
3 7829964   278299645   学院路分馆/ [索取号:B83/JY4] 在馆    
4 7829965   278299654   学院路分馆/ [索取号:B83/JY4] 在馆    
唐山师范学院图书馆 欢迎您!
大连网信软件有限公司© 版权所有